000 00407nam a2200133Ia 4500
008 231129s2009||||xx |||||||||||||| ||spa||
020 _a978-958-703-229-1
040 _bspa
082 _aR 912 G345
245 0 _aGeografí­a y atlas universal: geografí­a fí­sica humana y económica
260 _c2009
264 _aEditora Cultural Internacional
942 _2ddc
_cBKS
999 _c14437
_d14437